000 00529nam a2200193Ia 4500
005 20250326143327.0
008 250326s9999 xx 000 0 und d
020 _a0-19-516872-0
037 _aTextbook
040 _aFMSL
_beng
_cFMSL
041 _aeng
_2eng
084 _aX:513 P4
_qFMSL
100 _aRivkin S
_9747833
245 0 _aMaking of a name
_cRivkin S; Sutherland F
260 _aNew York
_bNew York, Oxford University
_c2004
300 _a274p
942 _cTB
_hX:513 P4
999 _c1299093
_d1299093